000 00576nam a2200181Ia 4500
008 130821s1971 enk gr eng
040 _aCo-BoUCM
_bspa
041 _aeng
100 1 _aShakespeare, William
_d1564-1616
_9834
245 1 2 _aA midsummer night's dream
_cWilliam Shakespeare.
260 _aLondres (Inglaterra)
_bMacmillan
_c1971
300 _a179 páginas
650 0 4 _aLiteratura europea
_926524
650 0 4 _aLiteratura inglesa
_9272
650 0 4 _aTeatro inglés
_925071
942 _cLIBRO
_a18
_e1
_mS527MI
_2DEWEY
_h822.33
999 _c4891
_d4891